| 000 | 00954nas a2200301 4500 | ||
|---|---|---|---|
| 001 | BR0203925 | ||
| 003 | BR-BrBNA | ||
| 005 | 20231205103143.0 | ||
| 007 | ta | ||
| 008 | 230509b bl.|||p| |||| 00| 00por d | ||
| 040 |
_aBR-BrBNA _bpor _cBiblioteca Nacional de Agricultura |
||
| 041 | _a(Pt) | ||
| 072 | _aH10 | ||
| 100 | 1 | _aUlian, L.F. | |
| 100 | 1 | _aOliveira, C.A.L. de | |
| 245 | 1 | _aComportamento do ácaro da leprose dos citros em diferentes cercas-vivas e quebra-ventos utilizados em pomares cítricos da região de Bebedouro, SP | |
| 650 | _aFRUTA CÍTRICA | ||
| 650 | _aPLANTA PARA CERCA VIVA | ||
| 650 | _aQUEBRA-VENTO | ||
| 650 | _aLEPROSE CÍTRICA | ||
| 650 | _aÁCARO | ||
| 650 | _aCONTROLE INTEGRADO | ||
| 650 | _aESTUFA | ||
| 650 | _aSÃO PAULO | ||
| 773 | 0 |
_tRevista de Agricultura (Brazil) _xISSN 0034-7655 _g(Jun 2002), v. 77(1) p. 103-112 _wBR0203925 |
|
| 909 |
_a202311 _bLúcia _c55 _dLúcia Elande |
||
| 942 |
_2AGRIS _n0 _cANA |
||
| 999 |
_c171376 _d171376 |
||